Statystyki dla Ochotnicze Straże Pożarne w gminie Zduńska Wola

Kliknij tutaj aby rozwiązać quiz!

Ogólne statystyki

  • Ten quiz został rozwiązany 8 razy
  • Średni wynik to 12 z 14

Statystyki odpowiedzi

Jednostki OSP% Poprawnych
OSP Annopole Nowe
100%
OSP Czechy
100%
OSP Gajewniki
100%
OSP Janiszewice
100%
OSP Rębieskie
100%
OSP Izabelów
83%
OSP Piaski
83%
OSP Wojsławice
83%
OSP Zamłynie
83%
OSP Zborowskie
83%
OSP Korczew
67%
OSP Michałów
67%
OSP Polków
67%
OSP Pratków
50%

Rozkład punktacji

Percentyl według liczby udzielonych odpowiedzi

Procent ludzi z każdym wynikiem

Twoja historia wyników

Nie rozwiązałeś tego quizu